Normal view
MARC view
- Educación superior
Entry Materia
001 - NÚMERO DE CONTROL DEL REGISTRO
- campo de control: 10340
003 - IDENTIFICADOR DE NUMERO DE CONTROL
- campo de control: MX-MxUPN
005 - FECHA Y HORA DE LA ÚLTIMA TRANSACCIÓN
- campo de control: 20231110153452.0
008 - DATOS DE LONGITUD FIJA
- campo de control de longitud fija: 231110n||acnnn|abn a ana |d
035 ## - NÚMERO DE CONTROL DEL SISTEMA
- Número de control del sistema: UPN10000010347
040 ## - FUENTE DE LA CATALOGACIÓN
- Centro catalogador de origen: MX-MxUPN
- Lengua de catalogación: spa
- Agencia de transcripción: MX-MxUPN
150 ## - ENCABEZAMIENTO - TEMÁTICO
- Término de materia o nombre geográfico como elemento inicial: Educación superior
- Subdivisión de materia general: Fines y objetivos
670 ## - FUENTE EN LA QUE SE LOCALIZARON DATOS
- Cita de la fuente: LC
- Información localizada: Education, Higher - Aims and objectives
902 ## - CATALOGADOR
- Catalogador: BDV/161008
